Marcas de Alcohol más consumidas en España - Estadísticas

Estadísticas generales
  • Esta prueba ha sido intentada 413 veces
    369 desde el último reinicio
  • La puntuación promedio es 5 de 15
Estadísticas de respuestas
Hint Respuesta % Correcto
1 Barceló
79%
2 Larios
71%
14 Absolut
54%
6 Brugal
48%
3 Puerto de Indias
48%
10 JB
47%
8 Red Label
46%
11 Jack Daniels
33%
9 DYC
30%
4 Seagrams
25%
12 Licor 43
19%
5 Tanqueray
14%
13 Bombay
12%
7 Arehucas
8%
15 Stolichnaya
0%
No se encontraron pruebas coincidentes
Distribución de puntuación
Porcentaje de gente con cada puntuación
Porcentaje por número respondido
Historial de tus puntuaciones
No has intentado esta prueba desde el último reinicio